MDQL
is popping MORE tags! Check the
thread
!
Quizzes
Events
Quiz Creation
Community
Videos
Private Events
Remove Ads
Sign In
Join for FREE
Feedback
Dark Mode
Quiz Categories
Sports
Geography
Music
Movies
Television
Just For Fun
Miscellaneous
History
Literature
Language
Science
Gaming
Entertainment
Religion
Holiday
For Kids
Quiz Lab
Recent
Popular Today
Quiz Kudos Today
Editor Picks
Curator Picks
Quizzes by...
Day
Popularity
Type
Ratings
Length
Year
Community
Subscriptions
Recent Discussions
Orange Saloon
Badges
Playlists
Quests
Create
Leaderboards
Showdown
Live 5
Trivia Bingo
Activity
Puzzle Library
Sporcle Events
Private Events
Virtual Trivia
Globe League
Become a Host
Pub Owners
SporcleCon
Opinionation
Our Games
Videos
Blog
Mobile Apps
Partnerships
Remove Ads and Go Orange
Feedback
Science
Computer
Plants
Astronomy
Chemistry
Elements
Math
Animal
Physics
Anatomy
Biology
Geology
General Science
Science
Computer
Plants
Astronomy
Chemistry
Elements
Math
Animal
Physics
Anatomy
Biology
Geology
General Science
Random Quiz
Search Sporcle
×
Quiz Lab
Quiz Lab
Science
Differential
Type in answers that appear in a list
Type in answers that appear in a list
Classic
Best Score? Go Orange.
Differentials by Age Stats
Can you name the Differentials by Age
By
bigdawg91
10m
31 Questions
1 Play
1 Plays
1 Plays
Comments
Comments
Give Quiz Kudos
Give Quiz Kudos
-
- Ratings
hide this ad
Replay
Link that replays current quiz
Next Quiz
Link to next quiz in quiz playlist
You Got
0%
They Got
Avg Score
16%
Avg Friend Score
Upgrade to see
Score Distribution
Jump to the score distribution portion of the page
Score
0/31
Timer
10:00
0
Plays Today
Age
Tumor type
% Correct
Lesion in young patient (10-
40 yo) (Benign)
NOF
100%
Lesion in young patient (10-
40 yo) (Benign)
ABC
100%
Lesion in young patient (10-
40 yo) (Benign)
UBC
100%
Birth to 5 years (Malignant)
Leukemia
100%
Lesion in young patient (10-
40 yo) (Malignant)
Leukemia
100%
Birth to 5 years (Benign)
Osteomyelitis
0%
Birth to 5 years (Benign)
Osteofibrous dysplasia
0%
Lesion in young patient (10-
40 yo) (Benign)
Osteoid Osteoma
0%
Lesion in young patient (10-
40 yo) (Benign)
Giant cell tumor
0%
Lesion in young patient (10-
40 yo) (Benign)
Osteochondroma
0%
Lesion in young patient (10-
40 yo) (Benign)
Chondroblastoma
0%
Lesion in young patient (10-
40 yo) (Benign)
Fibrous dysplasia
0%
Lesion in young patient (10-
40 yo) (Benign)
Osteomyelitis
0%
Lesion in young patient (10-
40 yo) (Benign)
Eosinophilic granuloma
0%
Older patient (40-
80 yo) (Benign)
Enchondroma
0%
Older patient (40-
80 yo) (Benign)
Bone infarct
0%
Age
Tumor type
% Correct
Older patient (40-
80 yo) (Benign)
Bone island
0%
Older patient (40-
80 yo) (Benign)
Paget's disease
0%
Older patient (40-
80 yo) (Benign)
Hyperparathyroidism
0%
Birth to 5 years (Malignant)
Metastatic rhabdomyosarcoma
0%
Birth to 5 years (Malignant)
Metastatic neuroblastoma
0%
Lesion in young patient (10-
40 yo) (Malignant)
Osteosarcoma
0%
Lesion in young patient (10-
40 yo) (Malignant)
Ewings sarcoma
0%
Lesion in young patient (10-
40 yo) (Malignant)
Desmoplastic fibroma
0%
Lesion in young patient (10-
40 yo) (Malignant)
Lymphoma
0%
Older patient (40-
80 yo) (Malignant)
Metastasis
0%
Older patient (40-
80 yo) (Malignant)
Myeloma
0%
Older patient (40-
80 yo) (Malignant)
Lymphoma
0%
Older patient (40-
80 yo) (Malignant)
Chondrosarcoma
0%
Older patient (40-
80 yo) (Malignant)
MFH
0%
Older patient (40-
80 yo) (Malignant)
Secondary sarcoma
0%
Quiz Playlist
Details
Report
Send in Message
Add To Playlist
Classic:
Type in answers that appear in a list
Last Updated: Feb 16, 2017
Quiz Scoreboard
CHALLENGE
Sign Up to Join the Scoreboard
Show All
Scores
Hide
Comments
May contain spoilers
Recently Published
5x2 Blitz: Bands
by SL_Kpop136
Music
30s
Colored Red Africa Blitz
by spor1
Geography
30s
Find the 'City' Movie
by crazypaving
Movies
60s
More to Explore
Quiz From the Vault
Featured Blog Post
14 Easter Pick-up Lines to Find Eggs With
hide this ad
You Might Also Like...
Tags
Age
Differential
Today's Top Quizzes in Science
Browse Science
hide this ad
Today's Top Quizzes in Differential
Browse Differential
Top Contributed Quizzes in Science
1
Windmill: Elements
2
17 TIMES TABLE
3
Glycolysis
4
Square Numbers Scrambled (1-50)
5
Astronomy Spelling Bee
6
'C' Flowers II
7
Vet Tech Pharmacology Drug Contraindications
8
Missing Vowel Minefield: Lanthanides
9
Sorting Squares: Animals by Continent
10
3-letter Elementary Words
Explore More
Trending Topics
Crossword
Marvel
Harry Potter
Kpop
NBA
Disney
Anime
The Office
Soccer
Song
WWE
Puzzle
Country
NFL
Pokémon
hide this ad
More By:
bigdawg91
Quiz
Plays
Rating
Category
Featured
Created
Genetic Disorders
525
1.00
Science
Nov 19, 2009
Bone Tumor Groupings
17
Science
Aug 24, 2014
Osteolytic Bone Tumors
16
Science
Aug 24, 2014
Sclerotic bone tumors
3
Science
Aug 24, 2014
Differential By Location
2
Science
Aug 24, 2014
Go to Creator's Profile
Score Distribution
Quiz Creator Spotlight
bigdawg91
Follow
Send a Message
Quizzes Created
-
Created Quiz Play Count
-
More By This Creator
Popular Quizzes Today
1
Colored Red Africa Blitz
2
Find the 'City' Movie
3
Find the US States - No Outlines Minefield
4
5x2 Blitz: Bands
5
The Countries of the World
6
Find the US States
7
Find the Countries of Europe - No Outlines Minefield
8
US States
More Science Quizzes
Songbirds crosswords
Quiz Lab
Trending Quizzes
Colored Red Europe Blitz I
Colored Red Europe Blitz II
Colored Red Africa Blitz II
Colored Red Europe Blitz III
Colored Red Africa Blitz III
Recently Updated
How Do You Spell That?
pecheneg
Godzilla Movies
pecheneg
Grab Bag: 4-10 Letters
pecheneg
2024 March Madness Bracket
pecheneg
Famous TV Couples
Peacemaker
Champions League XIs: Real Madrid
pecheneg
Largest US Cities 1790-2010
pecheneg
Rides in Walt Disney World
pecheneg
Most Oscar Losses (Acting)
pecheneg
Beyoncé Albums
pecheneg
Trending Topics
Kpop
Crossword
Anime
NBA
Disney
Marvel
Harry Potter
Puzzle
Country
Song
Pokémon
The Office
Soccer
NFL
WWE
Your Account Isn't Verified!
In order to create a playlist on Sporcle, you need to verify the email address you used during registration. Go to your
Sporcle Settings
to finish the process.
Report this User
Report this user for behavior that violates our
Community Guidelines
.
Details:
Send Report
Go to the Sporcle.com Mobile Site →
Comments